000 00909nam2a22002651 4500
001 RU\NLR\INFOCOMM31\5000070677
005 20250617115716.0
035 _a(NLR Aleph) 002585897
090 _a3317306
_c3317306
100 _a20041020d1974 |||y0rusy50 ca
101 0 _arus
_aeng
102 _aRU
105 _ay ||||000|y
200 1 _aOn oblate-prolate transition in the ground state rotational band of light mercury isotopes
_fS. Frauendorf, V.V. Paškevič
_gЛаб. теорет. физики
210 _d1974
_aБ. м.
461 0 _1001RU\NLR\INFOCOMM15\1000176112
_12001#$aИздания$fОбъедин. ин-т ядерных исследований$vЕ2-8087
700 1 _aFrauendorf
_bS.
_4070
701 1 _aPaškevič
_bV.V.
_4070
801 1 _aRU
_bInfoComm
_c20041220
801 0 _aRU
_bNLR
_gPSBO
852 _aNLR
_jП11/2061
942 _cISSUE
980 _aNB
980 _aRUSPER